000 00512nam a2200205Ia 4500
001 12375
003 GE_BSU
008 181216s||||||||xx |||||||||||||| ||und||
040 _cGE_BSU
080 _a635.91
100 _aКиселев,Г.Е.
245 _aЦветоводство
245 _cРед.Н.И.Иванов
260 _aМосква
260 _bизд-во сельхоз. лит-ры
260 _c1949
300 _a716стр.26см.
653 _aЦветоводство
942 _cBK
999 _c45549
_d45549